[Event "DEM U18 2013"]
[Site "Oberhof GER"]
[Date "2013.05.21"]
[Round "5"]
[White "Miller, Eduard"]
[Black "Grigorian, Spartak"]
[Result "0-1"]
[Termination "normal"]
[Board "9"]
[WhiteElo "2137"]
[BlackElo "2131"]
[PlyCount "50"]
[WhiteFideId "24687022"]
[BlackFideId "24661490"]
[EventCountry "GER"]
[EventRounds "9"]
[EventType "swiss"]
[EventDate "2013.05.18"]

1. e4 c5 2. Nf3 d6 3. d4 cxd4 4. Nxd4 Nf6 5. Nc3 a6 6. Bc4 e6 7. Bb3 Be7 8. Bg5
b5 9. Qf3 Ra7 10. O-O-O Qa5 11. Be3 Rc7 12. Nce2 O-O 13. g4 Bb7 14. Ng3 Nbd7
15. g5 Nxe4 16. Nxe4 Nc5 17. Bd2 Qb6 18. Rhe1 Nxe4 19. Rxe4 Qxd4 20. Rxd4 Bxf3
21. Re1 d5 22. h4 Rfc8 23. Bf4 Rc6 24. h5 Bc5 25. Rd2 Bxh5 0-1

[Event "DEM U18 2013"]
[Site "Oberhof GER"]
[Date "2013.05.21"]
[Round "5"]
[White "Hebbering, Tom Elliot"]
[Black "Neumair, Jerome"]
[Result "0-1"]
[Termination "normal"]
[Board "10"]
[WhiteElo "2002"]
[BlackElo "2098"]
[PlyCount "84"]
[WhiteFideId "12901750"]
[BlackFideId "24672637"]
[EventCountry "GER"]
[EventRounds "9"]
[EventType "swiss"]
[EventDate "2013.05.18"]

1. d4 Nf6 2. c4 Nc6 3. Nf3 e6 4. g3 Bb4+ 5. Bd2 Qe7 6. Qc2 O-O 7. Bg2 Bxd2+ 8.
Nbxd2 d6 9. O-O e5 10. e3 h6 11. Qc3 e4 12. Ne1 Bf5 13. b4 Qd7 14. f3 exf3 15.
Bxf3 d5 16. Ng2 Rfe8 17. cxd5 Nxd5 18. Qc5 Nde7 19. b5 Nd8 20. e4 Bh3 21. Qc4
Ne6 22. Nb3 c6 23. bxc6 bxc6 24. d5 cxd5 25. exd5 Ng5 26. d6 Rac8 27. Qf4 Ng6
28. Qd4 Nxf3+ 29. Rxf3 Bxg2 30. Kxg2 Re2+ 31. Rf2 Rxf2+ 32. Qxf2 Qxd6 33. Rf1
Qd5+ 34. Kg1 Ne5 35. h3 Rc3 36. Qg2 Qd3 37. Kh2 Nf3+ 38. Kh1 Ne5 39. Kh2 Rc2
40. Rf2 Nf3+ 41. Kh1 Qd1+ 42. Qf1 Rxf2 0-1

[Event "DEM U18 2013"]
[Site "Oberhof GER"]
[Date "2013.05.21"]
[Round "5"]
[White "Urban, Lars"]
[Black "Stanau, Guido"]
[Result "0-1"]
[Termination "normal"]
[Board "11"]
[WhiteElo "2126"]
[BlackElo "2055"]
[PlyCount "95"]
[WhiteFideId "4644034"]
[BlackFideId "24692255"]
[EventCountry "GER"]
[EventRounds "9"]
[EventType "swiss"]
[EventDate "2013.05.18"]

1. d4 Nf6 2. c4 g6 3. Nc3 Bg7 4. e4 d6 5. g3 O-O 6. Bg2 Nbd7 7. Nge2 e5 8. O-O
c6 9. h3 exd4 10. Nxd4 Re8 11. Be3 Qe7 12. Re1 Nc5 13. Qc2 Nfd7 14. Rad1 a5 15.
b3 Na6 16. Qd2 Nb4 17. a3 Na6 18. Na4 Nac5 19. Nxc5 dxc5 20. Nc2 b6 21. e5 Qe6
22. f4 Bf8 23. a4 Ra7 24. Na3 Nb8 25. Qc2 Na6 26. Qe2 Nb4 27. Nb1 f6 28. Bc1
fxe5 29. Qxe5 Qxe5 30. Rxe5 Rxe5 31. fxe5 Bf5 32. Nc3 Bg7 33. Rd8+ Kf7 34. Ne4
Bxe5 35. Nd6+ Bxd6 36. Rxd6 Ke7 37. Rd2 Rd7 38. Re2+ Kf7 39. Bd2 Rd3 40. g4 Be6
41. Bxb4 cxb4 42. Bxc6 Rxb3 43. Bd5 Bxd5 44. cxd5 Rd3 45. Re6 b5 46. axb5 Rxd5
47. Rb6 b3 48. Rb7+ 0-1

[Event "DEM U18 2013"]
[Site "Oberhof GER"]
[Date "2013.05.21"]
[Round "5"]
[White "Ispirjan, Mikael"]
[Black "Perestjuk, Marko"]
[Result "0-1"]
[Termination "normal"]
[Board "12"]
[WhiteElo "1942"]
[BlackElo "2025"]
[PlyCount "62"]
[WhiteFideId "1271217"]
[BlackFideId "1270254"]
[EventCountry "GER"]
[EventRounds "9"]
[EventType "swiss"]
[EventDate "2013.05.18"]

1. e4 c5 2. Nf3 d6 3. d4 cxd4 4. Nxd4 Nf6 5. Nc3 g6 6. Be3 Bg7 7. Bc4 O-O 8. f3
Nc6 9. Qd2 Bd7 10. O-O-O Rc8 11. Bb3 Ne5 12. h4 Nc4 13. Bxc4 Rxc4 14. g4 b5 15.
h5 b4 16. Nce2 Qa5 17. Kb1 Rfc8 18. Bh6 Bh8 19. Rc1 Bxg4 20. hxg6 hxg6 21. Nb3
Qa6 22. fxg4 Nxe4 23. Qe3 Bxb2 24. Rcf1 Rxc2 25. Qxe4 Rxe2 26. Qd5 Bf6 27. Nd2
Re5 28. Qb3 Rc3 29. Qb2 Qd3+ 30. Ka1 Rc2 31. Qb3 Re1# 0-1

[Event "DEM U18 2013"]
[Site "Oberhof GER"]
[Date "2013.05.21"]
[Round "5"]
[White "Ehret, Thomas"]
[Black "Holle, Cedric"]
[Result "1-0"]
[Termination "normal"]
[Board "13"]
[WhiteElo "2030"]
[BlackElo "1890"]
[PlyCount "47"]
[WhiteFideId "12939587"]
[BlackFideId "24692158"]
[EventCountry "GER"]
[EventRounds "9"]
[EventType "swiss"]
[EventDate "2013.05.18"]

1. e4 e6 2. d4 d5 3. Nd2 Be7 4. c3 Nf6 5. e5 Nfd7 6. Bd3 c5 7. Ne2 Nc6 8. O-O
cxd4 9. cxd4 Qb6 10. Nf3 f6 11. Nf4 fxe5 12. dxe5 Ndxe5 13. Nxe5 Nxe5 14. Qh5+
Nf7 15. Bxh7 e5 16. Ng6 Bg4 17. Qxg4 Rxh7 18. Qf5 Qf6 19. Nxe7 Qh4 20. h3 Kxe7
21. b3 Rh5 22. Ba3+ Nd6 23. Qg6 Rd8 24. Rac1 1-0

[Event "DEM U18 2013"]
[Site "Oberhof GER"]
[Date "2013.05.21"]
[Round "5"]
[White "Giraud, Valerian"]
[Black "Sieber, Martin"]
[Result "1/2-1/2"]
[Termination "normal"]
[Board "14"]
[WhiteElo "1977"]
[BlackElo "1865"]
[PlyCount "43"]
[WhiteFideId "12920355"]
[BlackFideId "4649060"]
[EventCountry "GER"]
[EventRounds "9"]
[EventType "swiss"]
[EventDate "2013.05.18"]

1. d4 Nf6 2. c4 e6 3. Nf3 b6 4. g3 Bb7 5. Bg2 Be7 6. O-O O-O 7. Nc3 Ne4 8. Nxe4
Bxe4 9. Ne1 Bxg2 10. Nxg2 f5 11. b3 Bf6 12. Bb2 a5 13. Qc2 Na6 14. Rfd1 Qe7 15.
a3 Rfd8 16. e4 fxe4 17. Qxe4 c5 18. a4 cxd4 19. Bxd4 Nc5 20. Qe3 d5 21. Bxf6
Qxf6 22. cxd5 1/2-1/2

[Event "DEM U18 2013"]
[Site "Oberhof GER"]
[Date "2013.05.22"]
[Round "6"]
[White "Noe, Christopher"]
[Black "Stahnecker, Ludwig"]
[Result "1/2-1/2"]
[Termination "normal"]
[Board "2"]
[WhiteElo "2231"]
[BlackElo "2109"]
[PlyCount "78"]
[WhiteFideId "24692018"]
[BlackFideId "24692026"]
[EventCountry "GER"]
[EventRounds "9"]
[EventType "swiss"]
[EventDate "2013.05.18"]

1. c4 Nf6 2. Nf3 e6 3. b3 d5 4. e3 Nbd7 5. Bb2 Bd6 6. Be2 O-O 7. O-O Re8 8. Qc2
c6 9. Nc3 b6 10. Rac1 Bb7 11. d4 Qe7 12. Rfd1 Rac8 13. e4 dxe4 14. Nxe4 Nxe4
15. Qxe4 e5 16. dxe5 Nxe5 17. Qd4 Bb8 18. Nxe5 Bxe5 19. Qxe5 Qxe5 20. Bxe5 Rxe5
21. Bf3 Rce8 22. h3 f6 23. Rd7 R8e7 24. Rxe7 Rxe7 25. c5 Rc7 26. a4 bxc5 27.
Rxc5 Kf7 28. Kf1 Ke7 29. b4 Kd6 30. Ke2 Bc8 31. Kd3 Bd7 32. Kd4 Rc8 33. Ra5 Rb8
34. Kc3 Rb7 35. Ra6 Rc7 36. b5 Kc5 37. bxc6 Bxc6 38. Bxc6 Rxc6 39. Rxc6+ Kxc6
1/2-1/2

[Event "DEM U18 2013"]
[Site "Oberhof GER"]
[Date "2013.05.22"]
[Round "6"]
[White "Neef, Maximilian"]
[Black "Powierski, Emil"]
[Result "1-0"]
[Termination "normal"]
[Board "3"]
[WhiteElo "2243"]
[BlackElo "2178"]
[PlyCount "113"]
[WhiteFideId "24692085"]
[BlackFideId "4656199"]
[EventCountry "GER"]
[EventRounds "9"]
[EventType "swiss"]
[EventDate "2013.05.18"]

1. Nf3 c5 2. c4 g6 3. g3 Bg7 4. Bg2 Nc6 5. Nc3 d6 6. O-O e5 7. a3 Nge7 8. b4 e4
9. Ne1 f5 10. Bb2 Be6 11. d3 O-O 12. Rb1 exd3 13. Nxd3 Bxc4 14. bxc5 dxc5 15.
Nxc5 Qxd1 16. Rfxd1 b6 17. Nb7 Rab8 18. Nd6 Bb3 19. Rd2 Rfd8 20. Ncb5 Bxb2 21.
Rbxb2 Be6 22. f4 Rd7 23. e4 fxe4 24. Nxe4 Rxd2 25. Rxd2 Na5 26. Nxa7 Nc4 27.
Rd3 Bf5 28. Nb5 Rc8 29. g4 Bxe4 30. Bxe4 Rc5 31. Nd4 Nb2 32. Rb3 Rc1+ 33. Kg2
Nc4 34. Rd3 Ra1 35. Nb5 Ra2+ 36. Kg3 Rb2 37. Nd6 Nxd6 38. Rxd6 Kf7 39. h3 Rb3+
40. Rd3 Rb2 41. Kh4 Rb5 42. Bf3 Ke6 43. Bd1 Ra5 44. Bb3+ Kf6 45. Rd6+ Kg7 46.
Re6 Kf8 47. a4 g5+ 48. fxg5 Ng6+ 49. Kg3 Rc5 50. Rxb6 Rc3+ 51. Kh2 Ne5 52. a5
Nf3+ 53. Kg2 Nh4+ 54. Kf2 Rxh3 55. a6 Rf3+ 56. Ke2 Rc3 57. a7 1-0

[Event "DEM U18 2013"]
[Site "Oberhof GER"]
[Date "2013.05.22"]
[Round "6"]
[White "Schreiner, Till"]
[Black "Göbel, Constantin"]
[Result "1-0"]
[Termination "normal"]
[Board "4"]
[WhiteElo "2280"]
[BlackElo "2245"]
[PlyCount "53"]
[WhiteFideId "24675555"]
[BlackFideId "24647071"]
[EventCountry "GER"]
[EventRounds "9"]
[EventType "swiss"]
[EventDate "2013.05.18"]

1. d4 Nf6 2. c4 e6 3. Nf3 Bb4+ 4. Nbd2 b6 5. a3 Bxd2+ 6. Qxd2 Bb7 7. e3 O-O 8.
Be2 d6 9. O-O Nbd7 10. b4 Ne4 11. Qc2 f5 12. Bb2 Rf6 13. d5 Rg6 14. Nd4 exd5
15. Nxf5 Qg5 16. Ng3 Nxg3 17. hxg3 dxc4 18. Qxc4+ Qd5 19. Rac1 c5 20. Rfd1 Qxc4
21. Bxc4+ Kf8 22. Bd3 Rh6 23. Bb5 Nb8 24. bxc5 bxc5 25. Rc4 Ba6 26. Rf4+ Kg8
27. Be8 1-0

[Event "DEM U18 2013"]
[Site "Oberhof GER"]
[Date "2013.05.22"]
[Round "6"]
[White "Moritz, Aron"]
[Black "Gibicar, Danijel"]
[Result "1-0"]
[Termination "normal"]
[Board "5"]
[WhiteElo "2192"]
[BlackElo "2134"]
[PlyCount "103"]
[WhiteFideId "24672319"]
[BlackFideId "24660256"]
[EventCountry "GER"]
[EventRounds "9"]
[EventType "swiss"]
[EventDate "2013.05.18"]

1. e4 e6 2. d4 d5 3. Nd2 Be7 4. Bd3 c5 5. dxc5 Nf6 6. exd5 Qxd5 7. Ngf3 Nbd7 8.
O-O Nxc5 9. Bc4 Qd6 10. a4 a5 11. Qe2 O-O 12. b3 b6 13. Bb2 Bb7 14. Be5 Qd8 15.
Rad1 Nd5 16. Nb1 Bf6 17. Bxd5 exd5 18. Rfe1 Re8 19. Bxf6 Rxe2 20. Bxd8 Rxe1+
21. Rxe1 Rxd8 22. Nc3 Ne4 23. Nb5 Ba6 24. Nc7 Bb7 25. Nd4 Kf8 26. f3 Nc5 27.
Kf2 Rc8 28. Ncb5 Ba6 29. Rd1 Bxb5 30. Nxb5 Ne6 31. Rd2 Ke7 32. Ke1 Nc7 33. Nd4
Ne6 34. Nb5 Nc7 35. Nd4 Ne6 36. Nf5+ Kf6 37. Ne3 Nc7 38. c4 dxc4 39. Nxc4 Re8+
40. Kd1 Re6 41. Rd7 Ne8 42. Kd2 Kg6 43. Kd3 Nf6 44. Rb7 Nd5 45. Kd4 Nf4 46. g3
Ne2+ 47. Kd3 Nc1+ 48. Kc2 Ne2 49. f4 Nd4+ 50. Kc3 Ne2+ 51. Kd3 f6 52. f5+ 1-0

[Event "DEM U18 2013"]
[Site "Oberhof GER"]
[Date "2013.05.22"]
[Round "6"]
[White "Grigorian, Spartak"]
[Black "Möhn, Hans"]
[Result "0-1"]
[Termination "normal"]
[Board "6"]
[WhiteElo "2131"]
[BlackElo "2160"]
[PlyCount "67"]
[WhiteFideId "24661490"]
[BlackFideId "24647837"]
[EventCountry "GER"]
[EventRounds "9"]
[EventType "swiss"]
[EventDate "2013.05.18"]

1. d4 Nf6 2. c4 g6 3. Nc3 Bg7 4. e4 d6 5. Be2 O-O 6. Nf3 e5 7. O-O Nc6 8. d5
Ne7 9. Ne1 Nd7 10. Nd3 f5 11. Bd2 Kh8 12. Rc1 c5 13. f4 exf4 14. Nxf4 Bd4+ 15.
Kh1 Nf6 16. Qc2 fxe4 17. Nxe4 Nxe4 18. Qxe4 Bxb2 19. Bc3+ Bxc3 20. Rxc3 Nf5 21.
Rh3 Kg7 22. Qb1 Qe7 23. Rff3 Rf6 24. Bd3 Nd4 25. Re3 Qf7 26. Ne6+ Bxe6 27. dxe6
Rxe6 28. Rxe6 Nxe6 29. Be4 Nd4 30. Bd5 Qe7 31. Rd3 Rf8 32. Rd1 b6 33. Re1 Qf6
34. a4 0-1

[Event "DEM U18 2013"]
[Site "Oberhof GER"]
[Date "2013.05.22"]
[Round "6"]
[White "Kügel, Tobias"]
[Black "Hacker, Jonas"]
[Result "1-0"]
[Termination "normal"]
[Board "7"]
[WhiteElo "2067"]
[BlackElo "1965"]
[PlyCount "72"]
[WhiteFideId "4636295"]
[BlackFideId "1270968"]
[EventCountry "GER"]
[EventRounds "9"]
[EventType "swiss"]
[EventDate "2013.05.18"]

1. e4 c5 2. Nf3 d6 3. d4 cxd4 4. Nxd4 Nf6 5. f3 e5 6. Bb5+ Nbd7 7. Nf5 a6 8.
Bxd7+ Qxd7 9. Bg5 d5 10. Nc3 d4 11. Bxf6 gxf6 12. Nd5 Qc6 13. Ng3 h5 14. O-O h4
15. Ne2 h3 16. g3 f5 17. c3 d3 18. Qxd3 fxe4 19. fxe4 Bc5+ 20. Kh1 Be6 21. c4
O-O-O 22. Rad1 Rd7 23. a3 a5 24. b4 axb4 25. axb4 Bxb4 26. Ra1 Kb8 27. Qb3 Bc5
28. Qc3 Rhd8 29. Qxe5+ Rd6 30. Nec3 f6 31. Rxf6 Bg4 32. Nb5 b6 33. Nxd6 Bxd6
34. Qc3 Qb7 35. Rb1 Bc5 36. Qe5+ Bd6 1-0

[Event "DEM U18 2013"]
[Site "Oberhof GER"]
[Date "2013.05.22"]
[Round "6"]
[White "Neumair, Jerome"]
[Black "Stanau, Guido"]
[Result "1-0"]
[Termination "normal"]
[Board "8"]
[WhiteElo "2098"]
[BlackElo "2055"]
[PlyCount "85"]
[WhiteFideId "24672637"]
[BlackFideId "24692255"]
[EventCountry "GER"]
[EventRounds "9"]
[EventType "swiss"]
[EventDate "2013.05.18"]

1. d4 Nf6 2. c4 g6 3. Nc3 Bg7 4. e4 d6 5. Nf3 O-O 6. Be2 e5 7. d5 a5 8. Bg5 h6
9. Bh4 Na6 10. Nd2 g5 11. Bg3 c6 12. a3 Bd7 13. Rb1 cxd5 14. cxd5 a4 15. h4 Nc5
16. hxg5 hxg5 17. f3 Qb8 18. Bf2 b5 19. Be3 Nh7 20. g4 b4 21. axb4 Qxb4 22. Kf2
f6 23. Nc4 Rfc8 24. Nxd6 Nd3+ 25. Qxd3 Qxd6 26. Rhc1 Qb4 27. Na2 Qb3 28. Rxc8+
Rxc8 29. Qxb3 axb3 30. Nc1 Rc2 31. Nxb3 Bb5 32. Nc1 Nf8 33. Ke1 Bxe2 34. Nxe2
Ng6 35. b4 Bf8 36. b5 Nh4 37. Kd1 Ra2 38. b6 Bd6 39. b7 Bb8 40. Rc1 Ng2 41.
Rc8+ Kf7 42. Bc5 Ra1+ 43. Nc1 1-0

[Event "DEM U18 2013"]
[Site "Oberhof GER"]
[Date "2013.05.22"]
[Round "6"]
[White "Müller, Nick"]
[Black "Perestjuk, Marko"]
[Result "1-0"]
[Termination "normal"]
[Board "9"]
[WhiteElo "2082"]
[BlackElo "2025"]
[PlyCount "119"]
[WhiteFideId "24692093"]
[BlackFideId "1270254"]
[EventCountry "GER"]
[EventRounds "9"]
[EventType "swiss"]
[EventDate "2013.05.18"]

1. e4 c5 2. Nf3 d6 3. d4 cxd4 4. Nxd4 Nf6 5. Nc3 g6 6. Be3 Bg7 7. f3 O-O 8. Qd2
Nc6 9. Bc4 Bd7 10. O-O-O Qb8 11. Kb1 b5 12. Ndxb5 Rc8 13. Bb3 Na5 14. Nd4 Nxb3
15. cxb3 a5 16. Rc1 Qb4 17. Rhd1 Qb7 18. g4 Be8 19. Bg5 e6 20. Nde2 Rc6 21. h4
Rb6 22. Qf4 Nd7 23. Rxd6 Ne5 24. Rd2 Rb8 25. Nd1 a4 26. Bf6 Bxf6 27. Qxf6 Nd7
28. Qd4 axb3 29. a3 Qa6 30. Ne3 Rb4 31. Qc3 R4b5 32. Qd4 Rb4 33. Qd6 R4b6 34.
Qd4 Rb4 35. Qd3 Qa7 36. Qc3 R4b5 37. Qd4 Qa6 38. Rc3 Ne5 39. Nc4 Nc6 40. Qe3 e5
41. Nd6 R5b6 42. Nxe8 Rxe8 43. Rxb3 Rxb3 44. Qxb3 Rb8 45. Qc3 Qb5 46. Qd3 Qb6
47. Qc3 Qb5 48. Rc2 Rb6 49. Qc5 Qa6 50. h5 Kg7 51. g5 Kg8 52. h6 Qb7 53. Rd2
Qb8 54. f4 exf4 55. Qc3 Kf8 56. Qh8+ Ke7 57. Qf6+ Ke8 58. Nxf4 Qe5 59. Rd8+
Nxd8 60. Qxe5+ 1-0

[Event "DEM U18 2013"]
[Site "Oberhof GER"]
[Date "2013.05.22"]
[Round "6"]
[White "Rührmund, Daniel"]
[Black "Mundorf, Johannes"]
[Result "1-0"]
[Termination "normal"]
[Board "10"]
[WhiteElo "2106"]
[BlackElo "2216"]
[PlyCount "55"]
[WhiteFideId "24674583"]
[BlackFideId "24672491"]
[EventCountry "GER"]
[EventRounds "9"]
[EventType "swiss"]
[EventDate "2013.05.18"]

1. e4 e6 2. d4 d5 3. Nc3 Nc6 4. Nf3 Nf6 5. Bd3 Bb4 6. O-O Bxc3 7. exd5 Nxd4 8.
bxc3 Nxf3+ 9. Qxf3 Qxd5 10. Qg3 O-O 11. c4 Qd4 12. Be3 Qd6 13. Bf4 Qe7 14. Bxc7
Ne8 15. Be5 Bd7 16. Rab1 Bc6 17. Bc3 a5 18. Rfe1 Nf6 19. Re3 Rfd8 20. Bxh7+
Kxh7 21. Qh4+ Kg8 22. Rh3 Kf8 23. Qh8+ Ng8 24. Qxg7+ Ke8 25. Qxg8+ Kd7 26. Rd3+
Bd5 27. Qg4 Rg8 28. Rxd5+ 1-0

[Event "DEM U18 2013"]
[Site "Oberhof GER"]
[Date "2013.05.22"]
[Round "6"]
[White "Urban, Lars"]
[Black "Ehret, Thomas"]
[Result "1-0"]
[Termination "normal"]
[Board "11"]
[WhiteElo "2126"]
[BlackElo "2030"]
[PlyCount "67"]
[WhiteFideId "4644034"]
[BlackFideId "12939587"]
[EventCountry "GER"]
[EventRounds "9"]
[EventType "swiss"]
[EventDate "2013.05.18"]

1. d4 Nf6 2. c4 g6 3. Nc3 Bg7 4. e4 d6 5. f3 O-O 6. Be3 Nc6 7. Nge2 a6 8. Qd2
Rb8 9. Rc1 Nd7 10. g3 e5 11. d5 Ne7 12. Bg2 f5 13. O-O b6 14. Nd1 fxe4 15. fxe4
Rxf1+ 16. Bxf1 Nf6 17. Nf2 a5 18. Nc3 Ng4 19. Nxg4 Bxg4 20. Bg5 Qe8 21. a3 Kh8
22. b4 axb4 23. axb4 Ng8 24. Nb5 h6 25. Be3 Rc8 26. c5 bxc5 27. bxc5 Qe7 28. h3
Bd7 29. c6 Be8 30. Ra1 Nf6 31. Bg2 g5 32. Ra7 Bg6 33. Bb6 Ne8 34. Nxc7 1-0

[Event "DEM U18 2013"]
[Site "Oberhof GER"]
[Date "2013.05.22"]
[Round "6"]
[White "Hebbering, Tom Elliot"]
[Black "Miller, Eduard"]
[Result "1-0"]
[Termination "normal"]
[Board "12"]
[WhiteElo "2002"]
[BlackElo "2137"]
[PlyCount "139"]
[WhiteFideId "12901750"]
[BlackFideId "24687022"]
[EventCountry "GER"]
[EventRounds "9"]
[EventType "swiss"]
[EventDate "2013.05.18"]

1. d4 Nf6 2. c4 e6 3. Nc3 Bb4 4. e3 O-O 5. Nge2 d5 6. a3 Be7 7. cxd5 exd5 8.
Nf4 c6 9. Bd3 Nbd7 10. O-O Bd6 11. Bd2 Re8 12. Qc2 Nf8 13. Rad1 Ng6 14. Nxg6
hxg6 15. e4 dxe4 16. Nxe4 Nxe4 17. Bxe4 Bxh2+ 18. Kxh2 Qh4+ 19. Kg1 Rxe4 20.
Bg5 Qxg5 21. Qxe4 Be6 22. Qe3 Qxe3 23. fxe3 Bd5 24. Ra1 Re8 25. Kf2 Kf8 26. b4
Ke7 27. a4 Kd6 28. Rh1 f5 29. b5 c5 30. dxc5+ Kxc5 31. Rac1+ Kb6 32. Rhd1 Re5
33. Rd2 g5 34. a5+ Kxb5 35. Rb2+ Ka6 36. Rc5 b6 37. axb6 axb6 38. Rcb5 Kb7 39.
Rxb6+ Kc7 40. Rg6 g4 41. Rxg7+ Kd6 42. Rg6+ Re6 43. Rb6+ Ke5 44. Rgxe6+ Bxe6
45. Rb4 Bd5 46. g3 Bf3 47. Ke1 Bc6 48. Kd2 Bg2 49. Kd3 Bf1+ 50. Kc3 Be2 51. Kd2
Bf1 52. Rf4 Bg2 53. Kd3 Bc6 54. Rb4 Bd7 55. e4 fxe4+ 56. Rxe4+ Kf5 57. Re7 Bc6
58. Ke3 Bf3 59. Ra7 Kg5 60. Ra5+ Kg6 61. Kf4 Kf6 62. Ra6+ Kg7 63. Kg5 Kh7 64.
Ra7+ Kg8 65. Rc7 Kf8 66. Kf6 Kg8 67. Rg7+ Kh8 68. Kg6 Be4+ 69. Kh6 Bf3 70. Rg5
1-0

[Event "DEM U18 2013"]
[Site "Oberhof GER"]
[Date "2013.05.22"]
[Round "6"]
[White "Giraud, Valerian"]
[Black "Ispirjan, Mikael"]
[Result "1-0"]
[Termination "normal"]
[Board "13"]
[WhiteElo "1977"]
[BlackElo "1942"]
[PlyCount "87"]
[WhiteFideId "12920355"]
[BlackFideId "1271217"]
[EventCountry "GER"]
[EventRounds "9"]
[EventType "swiss"]
[EventDate "2013.05.18"]

1. d4 Nf6 2. c4 c5 3. d5 e6 4. Nc3 exd5 5. cxd5 d6 6. Nf3 g6 7. Bf4 Bg7 8. Qa4+
Bd7 9. Qb3 Bc8 10. Qb5+ Kf8 11. h3 Nh5 12. Bh2 Qe7 13. e3 f5 14. Be2 Nf6 15.
Nd2 Nbd7 16. Nc4 Ne8 17. a4 Ne5 18. O-O Kf7 19. Rac1 Nc7 20. Qb3 Re8 21. Qa3 b6
22. b4 Ba6 23. Qb3 Bxc4 24. Bxc4 Rab8 25. Rfe1 Nxc4 26. Qxc4 Be5 27. Bxe5 Qxe5
28. f4 Qf6 29. e4 Kg7 30. Nb5 Nxb5 31. axb5 Kf8 32. bxc5 bxc5 33. e5 dxe5 34.
Qxc5+ Kg8 35. Qc6 Qh4 36. fxe5 Rxe5 37. Rxe5 Qd4+ 38. Kh1 Qxe5 39. d6 Qd4 40.
d7 Rd8 41. Qe6+ Kf8 42. Rc8 Qa1+ 43. Kh2 Qa5 44. Qe8+ 1-0

[Event "DEM U18 2013"]
[Site "Oberhof GER"]
[Date "2013.05.22"]
[Round "6"]
[White "Holle, Cedric"]
[Black "Sieber, Martin"]
[Result "1/2-1/2"]
[Termination "normal"]
[Board "14"]
[WhiteElo "1890"]
[BlackElo "1865"]
[PlyCount "123"]
[WhiteFideId "24692158"]
[BlackFideId "4649060"]
[EventCountry "GER"]
[EventRounds "9"]
[EventType "swiss"]
[EventDate "2013.05.18"]

1. e4 e6 2. d4 d5 3. Nc3 a6 4. Nf3 Nf6 5. Bg5 Be7 6. exd5 Nxd5 7. Bxe7 Nxe7 8.
Bd3 Nd7 9. Qe2 Nf6 10. O-O-O O-O 11. Ne4 Ned5 12. Nxf6+ Qxf6 13. Qe4 Qf4+ 14.
Rd2 Qxe4 15. Bxe4 Nf6 16. Bd3 b6 17. Ne5 Bb7 18. f3 Rfd8 19. c3 Bd5 20. b3 Nd7
21. Nc4 Bxc4 22. Bxc4 b5 23. Bd3 f5 24. Re1 Kf7 25. Rde2 Re8 26. c4 c6 27. d5
cxd5 28. cxd5 exd5 29. Bxf5 Nf6 30. Kd2 Rxe2+ 31. Rxe2 Re8 32. b4 g6 33. Rxe8
Nxe8 34. Bd3 Nd6 35. Ke3 Ke6 36. Kd4 Nc4 37. f4 Kd6 38. h4 Nd2 39. h5 gxh5 40.
Bxh7 h4 41. Bd3 Nc4 42. Bf5 a5 43. bxa5 Nxa5 44. Bg6 Nc6+ 45. Kc3 Ne7 46. Bd3
Kc5 47. a3 d4+ 48. Kd2 Nd5 49. f5 b4 50. a4 b3 51. a5 b2 52. f6 Nxf6 53. Kc2
Nd5 54. Kxb2 Ne3 55. a6 Kb6 56. Kb3 Nxg2 57. Kc4 Nf4 58. Be4 d3 59. Kc3 Kxa6
60. Kd2 h3 61. Ke3 Ne6 62. Kxd3 1/2-1/2

[Event "DEM U18 2013"]
[Site "Oberhof GER"]
[Date "2013.05.23"]
[Round "7"]
[White "Neef, Maximilian"]
[Black "Schreiner, Till"]
[Result "1/2-1/2"]
[Termination "normal"]
[Board "1"]
[WhiteElo "2243"]
[BlackElo "2280"]
[PlyCount "54"]
[WhiteFideId "24692085"]
[BlackFideId "24675555"]
[EventCountry "GER"]
[EventRounds "9"]
[EventType "swiss"]
[EventDate "2013.05.18"]

1. Nf3 Nf6 2. c4 c6 3. e3 d5 4. Nc3 e6 5. Qc2 Bd6 6. b3 Nbd7 7. d4 O-O 8. Be2
b6 9. O-O Bb7 10. Bb2 Qe7 11. Rad1 Rad8 12. Rfe1 c5 13. cxd5 exd5 14. Bf1 Rfe8
15. g3 a6 16. Bg2 Nf8 17. Nh4 g6 18. dxc5 Bxc5 19. Na4 Bb4 20. Bc3 Bxc3 21.
Nxc3 d4 22. Bxb7 Qxb7 23. exd4 Rxe1+ 24. Rxe1 Rxd4 25. Qe2 Ne6 26. Nf3 Rd8 27.
Ne4 Nxe4 1/2-1/2

[Event "DEM U18 2013"]
[Site "Oberhof GER"]
[Date "2013.05.23"]
[Round "7"]
[White "Carow, Johannes"]
[Black "Noe, Christopher"]
[Result "1/2-1/2"]
[Termination "normal"]
[Board "2"]
[WhiteElo "2352"]
[BlackElo "2231"]
[PlyCount "80"]
[WhiteFideId "24692050"]
[BlackFideId "24692018"]
[EventCountry "GER"]
[EventRounds "9"]
[EventType "swiss"]
[EventDate "2013.05.18"]

1. d4 d5 2. c4 dxc4 3. Nf3 Nf6 4. e3 a6 5. Bxc4 e6 6. O-O c5 7. dxc5 Qxd1 8.
Rxd1 Bxc5 9. Nbd2 Nc6 10. Be2 Ke7 11. a3 Rd8 12. b4 Ba7 13. Bb2 Bd7 14. Nb3 Be8
15. Rdc1 Kf8 16. Nc5 Rab8 17. Nd4 Rdc8 18. Bf3 Nd8 19. Ndb3 Nd7 20. Ne4 Rxc1+
21. Rxc1 Nc6 22. Nd6 Nde5 23. Bxe5 Nxe5 24. Bxb7 Ba4 25. Nc5 Bxc5 26. bxc5 Bc6
27. Bxa6 Ra8 28. f4 Rxa6 29. fxe5 Rxa3 30. Rf1 Ra7 31. Rb1 Ra5 32. Rf1 Ra7 33.
e4 h6 34. Kf2 f6 35. exf6 gxf6 36. Ke3 Ra3+ 37. Kd4 Ke7 38. Rb1 Ra2 39. Rb6 Kd7
40. Nc4 Ra4 1/2-1/2

[Event "DEM U18 2013"]
[Site "Oberhof GER"]
[Date "2013.05.23"]
[Round "7"]
[White "Möhn, Hans"]
[Black "Friedrich, Wiede"]
[Result "1-0"]
[Termination "normal"]
[Board "3"]
[WhiteElo "2160"]
[BlackElo "2260"]
[PlyCount "117"]
[WhiteFideId "24647837"]
[BlackFideId "24629537"]
[EventCountry "GER"]
[EventRounds "9"]
[EventType "swiss"]
[EventDate "2013.05.18"]

1. e4 c5 2. Nf3 d6 3. d4 cxd4 4. Nxd4 Nf6 5. Nc3 a6 6. Be3 e5 7. Nb3 Be7 8. h3
Be6 9. f4 O-O 10. f5 Bd7 11. Qf3 b5 12. O-O-O b4 13. Nd5 Nxd5 14. exd5 a5 15.
Kb1 a4 16. Nd2 Qc7 17. Bd3 a3 18. Ne4 axb2 19. f6 Qa5 20. Bc4 Rc8 21. Bb3 Bf8
22. fxg7 Be7 23. Bg5 Rc3 24. Nxc3 Bxg5 25. Ne4 Be7 26. Rhf1 f5 27. Ng3 f4 28.
Ne4 Bb5 29. Rf2 Nd7 30. g3 Kxg7 31. gxf4 Kh8 32. Rg2 Qd8 33. Qg4 Qg8 34. f5 Qf7
35. Rdg1 Nf6 36. Nxf6 Bxf6 37. Qxb4 Qd7 38. Qg4 Qc8 39. Qe4 Bd7 40. Rg8+ Qxg8
41. Rxg8+ Rxg8 42. Kxb2 Rf8 43. a4 Bg7 44. a5 Bxf5 45. Qb4 e4+ 46. Ka3 Ra8 47.
c3 e3 48. Bc4 Rc8 49. a6 Be4 50. Qb7 Rg8 51. a7 Bxc3 52. a8=Q Be5 53. Qxg8+
Kxg8 54. Qb3 Bf4 55. Bd3 Bxd3 56. Qxd3 Bg5 57. Qf5 h6 58. Qe6+ Kf8 59. Kb3 1-0